00601 a2200253 4500260000900000630003000009037001300039650002800052100001500080260003500095245006500130300001100195650002500206260000900231300000900240100000700249037001200256037001200268037001200280037001200292037001200304250001300316020001800329 aLyon a658 - Gestion commerciale b5, Achat a6 - SCIENCES APPLIQUEES aBloy, Eddy bPresses Universitaires de Lyon aFinance d'entreprise : initiation à l'analyse financière a311 p. aAnalyse financière c1982 b21cm lFr aDE 1967 aDE 1968 aDE 1492 aDE 1441 aDE 1493 a2e éd. a2-7297-0089-7